|
|
|
|
| LEADER |
00000cam a2200000 a 4500 |
| 001 |
vtls008503148 |
| 003 |
SK-MaSNL |
| 005 |
20260302004333.0 |
| 008 |
230403s1956 it ho grnf 000 0 ita |
| 015 |
|
|
|a SNBA1956
|
| 020 |
|
|
|q (brožované)
|
| 035 |
|
|
|a SAVUKc080204
|
| 035 |
|
|
|a urn:nbn:sk:snk-am3j44h
|
| 035 |
|
|
|a BF4A96C1-E684-4068-BC4B-F75B24CF045C
|
| 035 |
|
|
|a urn:nbn:sk:snk-am00gdsl
|
| 040 |
|
|
|a SNK
|b slo
|c SNK
|e AACR2
|
| 041 |
0 |
|
|a ita
|
| 044 |
|
|
|a it
|c IT
|
| 072 |
|
7 |
|a 316.3
|x Globálne spoločnosti. Sociálna štruktúra. Sociálne skupiny
|2 konspekt
|
| 080 |
|
|
|a 316.344.8(=16)
|2 2011
|
| 080 |
|
|
|a (035)
|2 2011
|
| 100 |
1 |
|
|a Verdiani, Carlo,
|d 1905-1975
|4 aut
|9 200319
|
| 245 |
1 |
0 |
|a Manuale di slavo antico
|c Carlo Verdiani
|
| 250 |
|
|
|a 1. vyd.
|
| 260 |
|
|
|a [Roma]
|b Sansoni - Editore
|c [1956]
|
| 300 |
|
|
|a 284 strán, [8] nečíslovaných strán obrazových príloh
|b faksimile, fotografie, tabuľky
|c 24 cm
|
| 490 |
1 |
|
|a Collana di Grammatiche Slave
|
| 500 |
|
|
|a Vysvetlivky na strane [8] ; zoznam skratiek na strane [9]-10 ; opravy na strane [283]-284
|
| 504 |
|
|
|a Bibliografia na strane [5-8] ; obsahuje bibliografické odkazy
|
| 546 |
|
|
|a Text taliansky, súbežne starosloviensky
|
| 650 |
0 |
7 |
|a slovanstvo
|2 SNKPH
|9 15139
|
| 655 |
|
7 |
|a príručky
|2 SNKPH
|9 74364
|
| 830 |
|
0 |
|a Collana di Grammatiche Slave
|9 644202
|
| 852 |
|
|
|a Slovenská národná knižnica
|
| 954 |
|
|
|a odborná, vedecká literatúra cudzojazyčná (svetová)
|2 lita
|
| 958 |
|
|
|a RK
|
| 958 |
|
|
|a TL
|
| 958 |
|
|
|a OND
|
| 958 |
|
|
|a NB
|
| 958 |
|
|
|a SP
|
| 958 |
|
|
|a SS
|
| 958 |
|
|
|a EUIPO
|
| 999 |
|
|
|c 995530
|d 997460
|
| 952 |
|
|
|a SNK
|b SNK
|y PREZ
|7 0
|p 17A0847171
|o snkSC 16709
|i snkV 791/62
|8 2
|0 0
|1 0
|4 0
|d 2020-08-28
|f 1
|l 0
|r 2025-07-18 00:00:00
|w 2026-02-24
|